10 Most Populous Cities in Georgia - Statistics

General Stats
  • This quiz has been taken 26 times
  • The average score is 6 of 10
Answer Stats
Population City % Correct
514,465 Atlanta
94%
156,337 Macon
75%
129,089 Athens
69%
200,512 Augusta
63%
147,845 Savannah
63%
200,167 Columbus
44%
91,293 Roswell
44%
105,001 Sandy Springs
38%
111,823 South Fulton
38%
85,853 Warner Robins
31%
No matching quizzes found
Score Distribution
Percent of People with Each Score
Percentile by Number Answered
Your Score History
You have not taken this quiz